| 000 | 01045agaaa2200265 4500 | ||
|---|---|---|---|
| 001 | 7953 | ||
| 003 | IT-RoPAU | ||
| 005 | 20220918181302.0 | ||
| 007 | d cvaizq | ||
| 008 | 50131s9999||||xx ||| | || ||und|| | ||
| 040 |
_aIT-RoPAU _cIT-RoPAU |
||
| 041 | _aITALIANO | ||
| 100 |
_aAA.VV. _gCodice regista SPICS: 12000 _953689 |
||
| 130 |
_aMONTAGGIO PUBBLICITA' TV 33 _953690 |
||
| 245 |
_aMONTAGGIO PUBBLICITA' TV 33 _cDiretto da: AA.VV. _pMONTAGGIO PUBBLICITA' TV 33 (Rif. Codice opera principale : 77953) |
||
| 250 | _aEdizione Standard | ||
| 260 |
_aROMA (ITALIA) _bSPICS RECORDS / _g"1988 (1° ed.: 1988 ; Ed. Lingua Orig.: 1988)" |
||
| 300 |
_aVHS _bsonoro, col. _c120 minuti |
||
| 520 | _aSPOT PUBBLICITARI REGISTRATI DA VARIE EMITTENTI TELEVISIVE CON ELENCO ALFABETICO DEI PRODOTTI RECLAMIZZATI | ||
| 538 | _aPAL, STEREO | ||
| 546 | _aITALIANO | ||
| 650 |
_aSPOT-TV _eTV-PROGRAMMI DI PUBBLICITA' [VHS] _xCodice MATERIA SPICS: 9968 _953691 |
||
| 700 |
_aAA.VV. _e(regista/i) _gCodice regista SPICS: 12000 _953689 |
||
| 942 |
_cVH _2ddc |
||
| 999 |
_c107812 _d107812 |
||